000 00496nam a22001097a 4500
008 150619b xxu||||| |||| 00| 0 eng d
010 _8HCCRSF: 004
245 _aHIGH COURT CRIMINAL SESSION No.4 of 1969 Uganda Vs 1. Yowasi Sebukairi 2. Asumani Mulegesha
260 _aHigh Court Kampala
500 _3 (original criminal Case No.A.63 of 1968 in the chief Magistrate's court of Mengo at Kampala Before: M.R. Thakerar, Esq., Magistrate Grade 1)
500 _3Before: Hon. Mr. Justice R.E.G. Russelle
999 _c6457
_d6457